Poznámky k opatreniu MF SR o spôsobe zahrnutia DPH do základu dane z príjmov

Zahrnutie dane z pridanej hodnoty do základu dane z príjmov a do vstupnej ceny hmotného a nehmotného investičného majetku. Výpočet odpisov zo zníženej vstupnej ceny.

Uložené v:
Podrobná bibliografia
Hlavný autor: Minársky, Ján
Médium: Kapitola
Jazyk:Slovak
Predmet:
Tagy: Pridať tag
Žiadne tagy, Buďte prvý, kto otaguje tento záznam!

MARC

LEADER 00000naa a2200000 4500
001 r023213
005 20230811094210.7
041 0 |a slo 
044 |a SK 
245 1 0 |a Poznámky k opatreniu MF SR o spôsobe zahrnutia DPH do základu dane z príjmov  |c Ján Minársky 
520 |a Zahrnutie dane z pridanej hodnoty do základu dane z príjmov a do vstupnej ceny hmotného a nehmotného investičného majetku. Výpočet odpisov zo zníženej vstupnej ceny. 
610 2 0 |a dane 
610 2 0 |a dane z hodnoty pridanej 
610 2 0 |a dane z príjmov 
610 2 0 |a majetok hmotný 
610 2 0 |a majetok nehmotný 
610 2 0 |a odpisy daňové 
100 1 |a Minársky, Ján